Biblioteca

Dictionary of Luther and the Lutheran traditions / (Registro nro. 64967)

Detalles MARC
000 -LÍDER
Campo fijo de descripción fija 01986cam a2200505 i 4500
001 - NÚMERO DE CONTROL
Campo de control 768714001
003 - IDENTIFICADOR DEL NÚMERO DE CONTROL
Campo de control CO-MdFUSB
005 - FECHA Y HORA DE LA ULTIMA TRANSACCIÓN
control field 20190423131119.0
008 - ELEMENTOS DE LONGITUD FIJA -- INFORMACIÓN GENERAL
Campo fijo de descripción fija -- Información general 161230s2017 miu bd 001 0 eng
010 ## - NÚMERO DE CONTROL DE LA BIBLIOTECA DEL CONGRESO
Número de control LC 2016058819
020 ## - NÚMERO INTERNACIONAL NORMALIZADO PARA LIBROS
Número Internacional Normalizado del libro 9780801049699
Información adicional (hardcover)
029 1# - OTHER SYSTEM CONTROL NUMBER (OCLC)
OCLC library identifier CHBIS
System control number 010820972
029 1# - OTHER SYSTEM CONTROL NUMBER (OCLC)
OCLC library identifier CHVBK
System control number 491674244
040 ## - FUENTE DE CATALOGACIÓN
Agencia de catalogación original DLC
Idioma de catalogación eng
Convenciones de la descripción rda
Agencia que realiza la transcripción CO-MdFUSB
Agencia que realiza la modificación YDX
-- OCLCO
-- OCLCF
-- OCLCQ
-- EXC
-- LNT
-- YDX
-- TLE
-- GGB
-- PTS
-- CO-MdFUSB
041 ## - CÓDIGO DE IDIOMA
Código de idioma para texto/pista de sonido o título separado eng
042 ## - AUTHENTICATION CODE
Authentication code pcc
049 ## - LOCAL HOLDINGS (OCLC)
Holding library PTSS
082 00 - NÚMERO DE CLASIFICACIÓN DECIMAL DEWEY
Número de clasificación 284.103
Clave de autor-Numero de item D554
Número de la edición del Dewey 23
242 1# - TRADUCCIÓN DEL TÍTULO POR AGENCIA CATALOGADORA
Título Diccinario de Lutero y la tradición luterana.
Idioma del título original inglés.
245 00 - TÍTULO
Título del Material Dictionary of Luther and the Lutheran traditions /
Mención de responsabilidad, etc. Timothy J. Wengert, editor general ; Mark A. Granquist , Mary Jane Haemig, Robert Kolb , Mark C. Mattes , and Jonathan Strom, editores asociados.
264 #1 - PRODUCCIÓN, PUBLICACIÓN, DISTRIBUCIÓN, MANUFACTURA, Y COPYRIGHT
Lugar de producción, publicación, distribución, manufactura Grand Rapids, MI :
Nombre del productor, publicador, distribuidor Baker Academic, a division of Baker Publishing Group,
Fecha de producción, publicación, distribución, manufactura, o copyright [2017]
264 #4 - PRODUCCIÓN, PUBLICACIÓN, DISTRIBUCIÓN, MANUFACTURA, Y COPYRIGHT
Fecha de producción, publicación, distribución, manufactura, o copyright ©2017
300 ## - DESCRIPCIÓN FÍSICA
Extensión xxv, 850 páginas ;
Dimensiones 27 cm.
336 ## - TIPO DE CONTENIDO
Término de tipo de contenido texto
Código de tipo de contenido txt
Fuente rdacontent
337 ## - TIPO DE MEDIO
Nombre del tipo de medio sin mediación
Código del tipo de medio n
Fuente rdamedia
338 ## - TIPO DE SOPORTE
Nombre del tipo de soporte volumen
Código Tipo de soporte nc
Fuente rdacarrier
500 ## - NOTA GENERAL
Nota General Incluye contribuciones por: Kenneth G. Appold, Craig D. Atwood, Roy A. Harrisville, George Hunsinger, Anna Marie Johnson, John A. Maxfield, Walter Sundberg, Andrew L. Wilson, Sarah Hinlicky Wilson.
505 ## - NOTA DE CONTENIDO
Nota de contenido con formato preestablecido Diccionario luterano.
563 ## - NOTA DE ENCUADERNACIÓN
Nota de encuadernación Pasta dura.
600 17 - ASIENTO SECUNDARIO DE MATERIA - NOMBRE PERSONAL
Nombre personal Luther, Martin
Fechas asociadas con el nombre (1483-1546)
Subdivisión de forma Diccionarios.
610 #0 - ASIENTO SECUNDARIO DE MATERIA - NOMBRE CORPORATIVO
Unidad subordinada Iglesia Luterana.
Subdivisión de forma Diccionarios.
650 #0 - ASIENTO SECUNDARIO DE MATERIA - TERMINO TEMÁTICO
Término temático o nombre geográfico como elemento de entrada Lutheran Church
Subdivisión de forma Dictionaries.
700 1# - ASIENTO SECUNDARIO - NOMBRE PERSONAL
Nombre personal Wengert, Timothy J.,
Responsabilidad editor.
700 1# - ASIENTO SECUNDARIO - NOMBRE PERSONAL
Nombre personal Granquist, Mark Alan,
Fechas asociadas con el nombre 1957-
Responsabilidad editor.
700 1# - ASIENTO SECUNDARIO - NOMBRE PERSONAL
Nombre personal Haemig, Mary Jane,
Responsabilidad editor.
700 1# - ASIENTO SECUNDARIO - NOMBRE PERSONAL
Nombre personal Kolb, Robert,
Fechas asociadas con el nombre 1941-
Responsabilidad editor.
700 1# - ASIENTO SECUNDARIO - NOMBRE PERSONAL
Nombre personal Mattes, Mark C.,
Responsabilidad editor.
700 1# - ASIENTO SECUNDARIO - NOMBRE PERSONAL
Nombre personal Strom, Jonathan,
Responsabilidad editor.
942 ## - TIPO DE MATERIAL (KOHA)
Tipo de Item KOHA Libros de Referencia
945 ## - INFORMACIÓN LOCAL DEL REGISTRO
Catalogador MARCIVE20181205
Existencias
Estado de Material Estado de Perdido Forma de Clasificación Estado de Dañado No para Préstamo Colección Biblioteca de Origen Biblioteca Permanente Fecha de Adquisición Forma de Adquisición Total de Préstamos Signatura Topográfica Código de Barras Última vez visto Ejemplar/Existencia Fecha de Remplazo Tipo de Material
    Dewey Decimal Classification     Colección de Referencia Biblioteca FUSBC Biblioteca FUSBC 23/04/2019 Donación   R 284.103 D554 12489 12/12/2019 Ej. 1 23/04/2019 Libros de Referencia

Biblioteca FUSBC | Teléfono: (57+4) 349 88 10 Ext. 141| WhatsApp (+57) 3005338115 
E-mail: biblioteca@unisbc.edu.co | Calle 76 87-14 Robledo Palenque, Medellín, Colombia

Con tecnología Koha